[Event "40 R.G.Nezhmetdinov Memorial"]
[Site "Kazan"]
[Date "2018.09.21"]
[Round "9.33"]
[White "Novikov, Roman"]
[Black "Doroshenko, Diana"]
[Result "1-0"]
[WhiteElo "1992"]
[BlackElo "2122"]
[PlyCount "145"]
[EventDate "2018.09.13"]

1. e4 c6 2. c4 d5 3. cxd5 cxd5 4. exd5 Nf6 5. Qa4+ Nbd7 6. Nc3 g6 7. Nf3 Bg7 8.
Bc4 O-O 9. d3 Nb6 10. Qb3 Ne8 11. Be3 Nd6 12. O-O Bf5 13. Ne2 Rc8 14. Rac1 Na8
15. Ned4 Bd7 16. a4 a6 17. Qa3 Nb6 18. b3 Na8 19. Bf4 Bg4 20. h3 Bxf3 21. Nxf3
Qd7 22. Qb4 Rfd8 23. Rfe1 Bf8 24. a5 Nc7 25. Bxd6 Qxd6 26. Qxb7 Rb8 27. Qc6
Nxd5 28. Qxa6 Qxa6 29. Bxa6 Nb4 30. Bc4 Nxd3 31. Ne5 Nxe5 32. Rxe5 e6 33. g3
Rd2 34. Rce1 Bb4 35. a6 Ra2 36. Rd1 Kf8 37. Rd7 Ke8 38. Bxe6 fxe6 39. Rb7 Ra8
40. Rxe6+ Kf8 41. Rxb4 R2xa6 42. Rxa6 Rxa6 43. Rb7 Ra1+ 44. Kg2 Rb1 45. Rxh7
Rxb3 46. Ra7 Kg8 47. g4 Rc3 48. f3 Kf8 49. Kg3 Rc4 50. Kh4 Rc5 51. Kg3 Rc4 52.
f4 Rc3+ 53. Kh4 Rc5 54. Rh7 Kg8 55. Re7 Kf8 56. Re5 Rc3 57. Kg5 Kf7 58. Ra5 Rc7
59. Kh6 Rc6 60. Kg5 Rc7 61. h4 Kg7 62. h5 gxh5 63. Kxh5 Rc4 64. f5 Rc1 65. Kg5
Rg1 66. Ra7+ Kg8 67. Kh5 Kf8 68. g5 Rb1 69. Kh6 Kg8 70. f6 Rb6 71. g6 Rxf6 72.
Ra8+ Rf8 73. Rxf8+ 1-0

[Event "40 R.G.Nezhmetdinov Memorial"]
[Site "Kazan"]
[Date "2018.09.21"]
[Round "9.34"]
[White "Safin, Robert"]
[Black "Murzin, Lenar"]
[Result "1-0"]
[WhiteElo "2098"]
[BlackElo "2007"]
[PlyCount "93"]
[EventDate "2018.09.13"]

1. d4 Nf6 2. g3 d5 3. Bg2 c6 4. Nf3 Bg4 5. O-O Nbd7 6. b3 e6 7. Bf4 a5 8. c4
Be7 9. Nc3 Bh5 10. h3 h6 11. c5 b6 12. cxb6 Qxb6 13. Na4 Qb5 14. g4 Bg6 15. Ne5
Nxe5 16. Bxe5 O-O 17. Bxf6 Bxf6 18. Rc1 Rfc8 19. Nc5 Qb4 20. e3 Be7 21. Qe1
Bxc5 22. Rxc5 Bd3 23. Qxb4 axb4 24. Rd1 Bb5 25. Rdc1 Rcb8 26. R1c2 Rb6 27. Bf1
Bxf1 28. Kxf1 Kf8 29. Rxc6 Rxc6 30. Rxc6 Rxa2 31. Rb6 Rb2 32. Rxb4 Ke7 33. Rb7+
Kf6 34. b4 Kg6 35. b5 f6 36. Re7 Rxb5 37. Rxe6 Kg5 38. Re7 g6 39. Kg2 h5 40.
gxh5 Kxh5 41. Rc7 Kg5 42. Rc5 Rxc5 43. dxc5 Kf5 44. Kf3 Ke6 45. Ke2 g5 46. Kd3
Ke5 47. f4+ 1-0

[Event "40 R.G.Nezhmetdinov Memorial"]
[Site "Kazan"]
[Date "2018.09.21"]
[Round "9.35"]
[White "Efremov, Vladislav"]
[Black "Yakimova, Mariya"]
[Result "1-0"]
[WhiteElo "2095"]
[BlackElo "1882"]
[PlyCount "85"]
[EventDate "2018.09.13"]

1. e4 c5 2. Ne2 Nc6 3. d4 cxd4 4. Nxd4 Nf6 5. Nc3 e5 6. Ndb5 d6 7. Bg5 a6 8.
Na3 b5 9. Nd5 Be7 10. Bxf6 Bxf6 11. c3 O-O 12. Be2 Bg5 13. O-O Be6 14. Nc2 Kh8
15. a4 bxa4 16. Rxa4 a5 17. Nce3 Rb8 18. Qa1 Bxe3 19. Nxe3 Qb6 20. Rb1 Bb3 21.
Ra3 Qc5 22. Bd1 Be6 23. Ba4 Rfd8 24. Rd1 g6 25. Nd5 f5 26. Bxc6 Qxc6 27. Rxa5
fxe4 28. Nb4 Qc4 29. Ra6 e3 30. fxe3 Bg4 31. Re1 Be2 32. b3 Qg4 33. Ra2 Bf3 34.
Rf2 Be4 35. Ref1 Qe6 36. Qb2 Re8 37. h3 Kg7 38. Kh2 Bf5 39. Ra1 Qd7 40. Rc1 Rb5
41. Rd2 Be4 42. Rcd1 d5 43. Na2 1-0

[Event "40 R.G.Nezhmetdinov Memorial"]
[Site "Kazan"]
[Date "2018.09.21"]
[Round "9.36"]
[White "Sairanov, Talgat"]
[Black "Gabitov, Bulat"]
[Result "1-0"]
[WhiteElo "2077"]
[BlackElo "1998"]
[PlyCount "83"]
[EventDate "2018.09.13"]

1. c4 c5 2. Nf3 Nf6 3. Nc3 e6 4. d4 cxd4 5. Nxd4 Nc6 6. e4 Bb4 7. Nxc6 bxc6 8.
Bd3 e5 9. O-O Bc5 10. Qe2 d6 11. h3 O-O 12. a3 h6 13. Be3 Bd4 14. Rfd1 Be6 15.
Rac1 Qb6 16. c5 Qd8 17. cxd6 Qxd6 18. Bxd4 Qxd4 19. Bc2 Qb6 20. Na4 Qb5 21. Qe3
Nd7 22. b4 a5 23. Rxd7 Bxd7 24. Nb6 axb4 25. a4 Qa5 26. Nxd7 Rfd8 27. Nc5 Qb6
28. Bb3 Ra5 29. Ba2 Qa7 30. Kh2 Rd4 31. Nd3 Rxa4 32. Bb3 Ra5 33. Rxc6 Qd7 34.
Bd5 Raxd5 35. exd5 Rxd5 36. Nxb4 Rd4 37. Rb6 Qc7 38. Rb5 Kh7 39. Qg3 f6 40. Na6
Qc6 41. Rc5 Qe6 42. Rc7 1-0

[Event "40 R.G.Nezhmetdinov Memorial"]
[Site "Kazan"]
[Date "2018.09.21"]
[Round "9.37"]
[White "Garmash, Aliona"]
[Black "Grekhov, Luka"]
[Result "1-0"]
[WhiteElo "2067"]
[BlackElo "1914"]
[PlyCount "107"]
[EventDate "2018.09.13"]

1. d4 d5 2. Nf3 c6 3. c4 e6 4. Nc3 dxc4 5. a4 Bb4 6. Bd2 a5 7. e3 b5 8. axb5
Bxc3 9. Bxc3 cxb5 10. b3 Bb7 11. bxc4 b4 12. Bd2 Nf6 13. Be2 O-O 14. O-O Ne4
15. Ra2 Nd7 16. Qb3 Bc6 17. Rfa1 Nxd2 18. Nxd2 Qb6 19. c5 Qc7 20. Nc4 Bd5 21.
Bf3 Bxc4 22. Qxc4 Ra7 23. g3 Rb8 24. Qb3 e5 25. c6 Nf6 26. d5 e4 27. Be2 Qb6
28. h3 Qc5 29. Bc4 Rba8 30. Ra4 Rd8 31. Rd1 Ne8 32. Be2 Nc7 33. Ra2 Rxd5 34.
Rxd5 Nxd5 35. Rd2 Qxc6 36. Qxd5 Qxd5 37. Rxd5 g6 38. Rb5 Kf8 39. g4 Ke7 40. Kg2
Kd6 41. Kg3 Kc6 42. Kf4 Rb7 43. Rxb7 Kxb7 44. Kxe4 a4 45. Kd4 Kb6 46. Kc4 a3
47. Kb3 Kc5 48. Bd3 h6 49. Bb1 g5 50. Ba2 Kb5 51. Kc2 f6 52. Bb3 Kc6 53. Kd3
Kc5 54. Ke4 1-0

[Event "40 R.G.Nezhmetdinov Memorial"]
[Site "Kazan"]
[Date "2018.09.21"]
[Round "9.38"]
[White "Gavrilin, Roman"]
[Black "Nikitin, Georgy"]
[Result "1/2-1/2"]
[WhiteElo "2054"]
[BlackElo "1763"]
[PlyCount "80"]
[EventDate "2018.09.13"]

1. e4 c6 2. d4 d5 3. Nc3 dxe4 4. Nxe4 Bf5 5. Ng3 Bg6 6. Nh3 Nf6 7. Nf4 Nbd7 8.
h4 e5 9. Nxg6 hxg6 10. h5 gxh5 11. Nxh5 Nxh5 12. Rxh5 Rxh5 13. Qxh5 Qb6 14.
dxe5 O-O-O 15. Be2 Bc5 16. Bf4 Bxf2+ 17. Kf1 Be3 18. Bg3 g6 19. Qh3 f5 20. exf6
Qxb2 21. Rd1 Qxf6+ 22. Bf3 Qf5 23. Rd3 Bb6 24. Ke2 Re8+ 25. Kd1 Qxh3 26. gxh3
Ne5 27. Bxe5 Rxe5 28. Bg4+ Kb8 29. Rf3 Re7 30. Rf8+ Kc7 31. Rg8 Ba5 32. c4 Kb6
33. Kc2 Kc5 34. Kd3 Kb4 35. Rxg6 Bb6 36. Be6 Rh7 37. Rg2 Bd8 38. Rg6 Kc5 39.
Rg2 Kb4 40. Rg6 Kc5 1/2-1/2

[Event "40 R.G.Nezhmetdinov Memorial"]
[Site "Kazan"]
[Date "2018.09.21"]
[Round "9.39"]
[White "Ismagilov, Igor"]
[Black "Makoveev, Ilya"]
[Result "0-1"]
[WhiteElo "1952"]
[BlackElo "2271"]
[PlyCount "62"]
[EventDate "2018.09.13"]

1. d4 Nf6 2. Nc3 d5 3. Bf4 e6 4. Nf3 c5 5. e3 a6 6. h3 Nc6 7. Be2 Be7 8. dxc5
Bxc5 9. O-O O-O 10. Ne5 Ne7 11. Bg5 Ne8 12. Nd3 Ba7 13. Ne1 f6 14. Bh4 Nf5 15.
Nf3 g5 16. Bg3 Nxg3 17. fxg3 Bxe3+ 18. Kh2 Ng7 19. Bd3 Bb6 20. Qd2 Bc7 21. Qf2
Nh5 22. Ne2 e5 23. Rad1 Qe7 24. Nc3 Be6 25. g4 e4+ 26. Kg1 Nf4 27. Nxe4 dxe4
28. Bxe4 Rad8 29. Bxb7 Qb4 30. Nd4 Qxb7 31. Nxe6 Bb6 0-1

[Event "40 R.G.Nezhmetdinov Memorial"]
[Site "Kazan"]
[Date "2018.09.21"]
[Round "9.40"]
[White "Zhafyarov, Adel"]
[Black "Makov, Artem"]
[Result "1-0"]
[WhiteElo "2202"]
[BlackElo "1818"]
[PlyCount "83"]
[EventDate "2018.09.13"]

1. d4 Nf6 2. Bf4 g6 3. e3 Bg7 4. Nf3 d5 5. h3 O-O 6. Bd3 c5 7. c3 Qb6 8. Qc1
Nc6 9. Nbd2 Rd8 10. O-O cxd4 11. exd4 Bf5 12. Bxf5 gxf5 13. Rb1 Rac8 14. Qd1
Qa6 15. a3 b5 16. Re1 e6 17. Re3 Qb7 18. Ne5 a5 19. Rg3 Nxe5 20. Bxe5 Qe7 21.
Qe2 b4 22. axb4 axb4 23. cxb4 Rc2 24. Qd3 Rdc8 25. Rxg7+ Kxg7 26. Qg3+ Kf8 27.
Bd6 Rxd2 28. Ra1 Rd8 29. Bxe7+ Kxe7 30. Qg5 f4 31. Ra7+ Rd7 32. Rxd7+ Kxd7 33.
Qxf6 f3 34. Qxf7+ Kc6 35. Qxe6+ Kb5 36. Qxd5+ Ka4 37. Qa5+ Kb3 38. Qa3+ Kc2 39.
Qc3+ Kd1 40. Qxf3+ Ke1 41. Qe3+ Re2 42. Qc1# 1-0

[Event "40 R.G.Nezhmetdinov Memorial"]
[Site "Kazan"]
[Date "2018.09.21"]
[Round "9.42"]
[White "Volkov, Roman"]
[Black "Yadigarov, Aivaz"]
[Result "1-0"]
[WhiteElo "2065"]
[BlackElo "1789"]
[PlyCount "69"]
[EventDate "2018.09.13"]

1. d4 Nf6 2. c4 g6 3. Nc3 Bg7 4. e4 d6 5. Nf3 O-O 6. Be2 e5 7. O-O Nbd7 8. Qc2
Qe7 9. Rd1 exd4 10. Nxd4 Re8 11. f3 Ne5 12. Bg5 Nc6 13. Ndb5 Nb4 14. Qd2 a6 15.
Nd4 Qe5 16. Bf4 Qc5 17. Be3 Qh5 18. Rac1 Qe5 19. a3 Nc6 20. Nd5 Nxd5 21. cxd5
Nd8 22. Rxc7 f5 23. Bd3 fxe4 24. Bxe4 Nf7 25. Bf4 Qf6 26. Ne6 Bxe6 27. dxe6
Rxe6 28. Rxb7 Rd8 29. Bd5 Re7 30. Bg5 Qd4+ 31. Qxd4 Bxd4+ 32. Rxd4 Rxb7 33.
Bxd8 Rd7 34. Bf6 h6 35. Re4 1-0

[Event "40 R.G.Nezhmetdinov Memorial"]
[Site "Kazan"]
[Date "2018.09.21"]
[Round "9.43"]
[White "Pogorelskikh, Sofia"]
[Black "Semenova, Anastasia"]
[Result "1-0"]
[WhiteElo "2037"]
[BlackElo "1775"]
[PlyCount "61"]
[EventDate "2018.09.13"]

1. e4 e5 2. Nf3 Nf6 3. Nxe5 d6 4. Nf3 Nxe4 5. Nc3 Nxc3 6. dxc3 Be7 7. Be3 a6 8.
Qd2 Nc6 9. O-O-O Be6 10. Kb1 h6 11. c4 Qd7 12. Nd4 Nxd4 13. Bxd4 Rg8 14. Qc3 g5
15. g3 c5 16. Bf6 b5 17. Bg2 Ra7 18. Bxe7 Kxe7 19. Rhe1 bxc4 20. Bd5 a5 21.
Qxc4 Rg6 22. Re3 Kf8 23. Rde1 h5 24. Bxe6 fxe6 25. Rxe6 Rxe6 26. Qxe6 Qxe6 27.
Rxe6 Rf7 28. Rxd6 Ke7 29. Rd2 Ke6 30. Kc1 h4 31. Kd1 1-0

[Event "40 R.G.Nezhmetdinov Memorial"]
[Site "Kazan"]
[Date "2018.09.21"]
[Round "9.44"]
[White "Pingin, Artem"]
[Black "Lazarev, Artem"]
[Result "1-0"]
[WhiteElo "2019"]
[BlackElo "1671"]
[PlyCount "93"]
[EventDate "2018.09.13"]

1. e4 c6 2. d4 d5 3. Nc3 dxe4 4. Nxe4 Nf6 5. Nxf6+ exf6 6. c3 Bd6 7. Bd3 O-O 8.
Qc2 h6 9. Ne2 Qc7 10. Be3 Be6 11. Ng3 Re8 12. O-O Nd7 13. c4 Rad8 14. Qd2 a6
15. Rac1 Qb8 16. f4 b5 17. b3 Nf8 18. Qc2 a5 19. h3 bxc4 20. bxc4 Qb4 21. Ne4
Bb8 22. Nc5 Qa3 23. Qd2 Bf5 24. Rc3 Qxc3 25. Qxc3 Rxe3 26. Qd2 Rxd3 27. Nxd3
Rxd4 28. Rf3 Ba7 29. Kh2 Be4 30. Rg3 Ne6 31. Qxa5 Bb8 32. Nf2 Bxf4 33. Qc3 h5
34. Nxe4 Rxe4 35. Kg1 Bxg3 36. Qxg3 Rxc4 37. Qb3 Rd4 38. a4 c5 39. a5 c4 40.
Qc3 Nf4 41. Kf2 Re4 42. a6 Re2+ 43. Kf3 Nd5 44. Qxc4 Re6 45. Qxd5 Rxa6 46. Qd8+
Kh7 47. Qd3+ 1-0

[Event "40 R.G.Nezhmetdinov Memorial"]
[Site "Kazan"]
[Date "2018.09.21"]
[Round "9.45"]
[White "Ismailov, Amir"]
[Black "Nikolaeva, Ksenya"]
[Result "0-1"]
[WhiteElo "1716"]
[BlackElo "1874"]
[PlyCount "98"]
[EventDate "2018.09.13"]

1. d4 d5 2. Nf3 Nf6 3. c4 c6 4. Nc3 Bf5 5. Qb3 Qb6 6. cxd5 Qxb3 7. axb3 Nxd5 8.
Ne5 Bc2 9. Nxd5 cxd5 10. e4 e6 11. Bb5+ Ke7 12. exd5 exd5 13. O-O f6 14. Nd3
Kf7 15. Bf4 Nc6 16. Bxc6 bxc6 17. Nc5 Bxc5 18. dxc5 Bxb3 19. Ra3 Bc4 20. Re1 a6
21. Rae3 Rhe8 22. Rxe8 Rxe8 23. Rxe8 Kxe8 24. b4 Kd7 25. Bd6 Ke6 26. g4 Be2 27.
h3 d4 28. f4 d3 29. Kf2 Kd5 30. Bc7 Kc4 31. Ba5 Kb3 32. Ke3 Kc2 33. b5 axb5 34.
g5 fxg5 35. fxg5 Kb3 36. Kd2 Kc4 37. Bb6 b4 38. Bc7 Kxc5 39. Be5 g6 40. h4 Kd5
41. Bf4 c5 42. Kc1 c4 43. h5 gxh5 44. g6 hxg6 45. Bg5 c3 46. Bf4 d2+ 47. Bxd2
cxd2+ 48. Kxd2 h4 49. Kxe2 h3 0-1

[Event "40 R.G.Nezhmetdinov Memorial"]
[Site "Kazan"]
[Date "2018.09.21"]
[Round "9.46"]
[White "Kopylov, Artem"]
[Black "Khabibullin, Ruslan"]
[Result "0-1"]
[WhiteElo "1779"]
[BlackElo "1517"]
[PlyCount "102"]
[EventDate "2018.09.13"]

1. g3 d5 2. Bg2 c5 3. d3 Nc6 4. e4 dxe4 5. Bxe4 Bd7 6. Bg2 g6 7. Nf3 Bg7 8. O-O
Nf6 9. Nc3 O-O 10. Re1 Rc8 11. Rb1 b6 12. Bf4 Nd4 13. Ne5 Nh5 14. Nxd7 Qxd7 15.
Bg5 Nf6 16. Qd2 h6 17. Bf4 Kh7 18. Be5 e6 19. Ne2 Ng4 20. Bxg7 Kxg7 21. c3 Nf5
22. Rbd1 Rfd8 23. Qf4 Nf6 24. d4 Qb5 25. b3 cxd4 26. Nxd4 Nxd4 27. Rxd4 Rxd4
28. Qxd4 Qa5 29. Re3 Qc5 30. Qxc5 Rxc5 31. c4 Kf8 32. Bf3 Ke7 33. Kf1 Rc7 34.
Ke2 b5 35. Kd3 bxc4+ 36. bxc4 Kd6 37. Kc3 Nd5+ 38. Bxd5 exd5 39. Kb3 Rxc4 40.
Re8 Rc7 41. Rd8+ Rd7 42. Re8 Rc7 43. Rd8+ Ke5 44. a4 Ke4 45. f3+ Kd4 46. Kb4
Rb7+ 47. Ka5 Kc4 48. Ka6 Rc7 49. a5 d4 50. Rb8 d3 51. Rb1 d2 0-1

[Event "40 R.G.Nezhmetdinov Memorial"]
[Site "Kazan"]
[Date "2018.09.21"]
[Round "9.47"]
[White "Khusnutdinov, Abdul"]
[Black "Kurinov, Mikhail"]
[Result "1-0"]
[WhiteElo "1724"]
[BlackElo "1766"]
[PlyCount "73"]
[EventDate "2018.09.13"]

1. d4 Nf6 2. Nf3 g6 3. g3 Bg7 4. Bg2 O-O 5. O-O d5 6. c4 dxc4 7. Na3 c3 8. bxc3
c5 9. Bb2 Nc6 10. Nc4 Be6 11. Nfe5 Nxe5 12. Nxe5 Bd5 13. f3 Nd7 14. Nxd7 Qxd7
15. e4 Bc4 16. Rf2 Rfd8 17. Rd2 Bh6 18. f4 e5 19. Bf1 Bxf1 20. Qxf1 exf4 21.
gxf4 cxd4 22. cxd4 Qg4+ 23. Rg2 Qxf4 24. Qxf4 Bxf4 25. d5 Re8 26. Re2 Be5 27.
Rb1 Bxb2 28. Rbxb2 b6 29. Rbc2 Rac8 30. d6 Rxc2 31. Rxc2 Rd8 32. e5 f6 33. e6
Rxd6 34. Rc8+ Kg7 35. e7 Re6 36. e8=Q Rxe8 37. Rxe8 1-0

[Event "40 R.G.Nezhmetdinov Memorial"]
[Site "Kazan"]
[Date "2018.09.21"]
[Round "9.48"]
[White "Norkin, Yaks"]
[Black "Zaripova, Arina"]
[Result "1-0"]
[WhiteElo "1752"]
[BlackElo "1752"]
[PlyCount "103"]
[EventDate "2018.09.13"]

1. e4 c5 2. c3 d5 3. exd5 Qxd5 4. d4 e6 5. Nf3 Nf6 6. Be2 Be7 7. O-O O-O 8. c4
Qd8 9. Nc3 cxd4 10. Nxd4 a6 11. Bf4 Bd7 12. Bf3 Nc6 13. Nxc6 Bxc6 14. Bxc6 bxc6
15. Qf3 Qb6 16. b3 Nd7 17. Rfd1 Qb7 18. Ne4 e5 19. Be3 Qc7 20. Rac1 f5 21. Qh3
Rad8 22. Ng5 Bxg5 23. Bxg5 Rde8 24. Rc2 h6 25. Rcd2 Rf7 26. Be3 Ree7 27. Rd6 f4
28. Bc1 Nf8 29. Ba3 Rd7 30. Qf3 Qa5 31. b4 Qc7 32. c5 Rf6 33. Rxd7 Nxd7 34. Qd3
Nf8 35. Qxa6 Ne6 36. Qc4 Kf8 37. Bb2 Nd4 38. Bxd4 exd4 39. Qxd4 Ke7 40. f3 Kf7
41. a4 Re6 42. b5 Qa5 43. Qxf4+ Kg6 44. Qg4+ Kf6 45. Qd4+ Kg6 46. Qd3+ Kf6 47.
Qd8+ Qxd8 48. Rxd8 cxb5 49. axb5 Re1+ 50. Kf2 Rc1 51. c6 Rc5 52. b6 1-0

[Event "40 R.G.Nezhmetdinov Memorial"]
[Site "Kazan"]
[Date "2018.09.21"]
[Round "9.50"]
[White "Muldiarov, Valerij"]
[Black "Fonichkin, Egor"]
[Result "0-1"]
[WhiteElo "1737"]
[BlackElo "1692"]
[PlyCount "100"]
[EventDate "2018.09.13"]

1. d4 d6 2. c4 e5 3. d5 f5 4. Nc3 Nf6 5. Nf3 h6 6. Qc2 g5 7. e4 f4 8. Be2 Rg8
9. h3 h5 10. Bd2 Na6 11. a3 Bd7 12. b4 Qe7 13. Rc1 g4 14. hxg4 hxg4 15. Ng1 g3
16. fxg3 Rxg3 17. Bf3 Rg8 18. Na4 Bxa4 19. Qxa4+ Qd7 20. Qxd7+ Kxd7 21. Nh3 Be7
22. Ke2 c6 23. Nf2 Nc7 24. Nd3 cxd5 25. cxd5 Nb5 26. Kf2 Nxa3 27. Nb2 Nb5 28.
Rh6 Nd4 29. Nd3 Nb3 30. Rc2 Nxd2 31. Rxd2 Ng4+ 32. Bxg4+ Rxg4 33. Rh7 Rag8 34.
Ne1 R8g7 35. Rxg7 Rxg7 36. Nf3 a6 37. Rb2 Bd8 38. b5 Bb6+ 39. Kf1 a5 40. Nd2
Bd4 41. Rc2 Bc5 42. Ra2 b6 43. Nf3 Rh7 44. Ng5 Rh1+ 45. Ke2 Rb1 46. Ne6 Rxb5
47. Ra1 Rb2+ 48. Kf3 Rf2+ 49. Kg4 Rxg2+ 50. Kf5 Rh2 0-1

[Event "40 R.G.Nezhmetdinov Memorial"]
[Site "Kazan"]
[Date "2018.09.21"]
[Round "9.51"]
[White "Razhbadinov, Rasul"]
[Black "Salimova, Dinara"]
[Result "1-0"]
[WhiteElo "1516"]
[BlackElo "1467"]
[PlyCount "85"]
[EventDate "2018.09.13"]

1. e4 c5 2. Nf3 a6 3. d4 cxd4 4. Nxd4 Nf6 5. Bd3 e5 6. Nf3 Nc6 7. O-O Be7 8.
Nc3 d6 9. h3 O-O 10. Be3 h6 11. Qd2 Be6 12. a3 Qc7 13. Bxh6 gxh6 14. Qxh6 Nh7
15. Nd5 Qd8 16. h4 Kh8 17. Bc4 f6 18. h5 Rf7 19. Nh4 Bf8 20. Ng6+ Kg8 21. Qe3
Rg7 22. f4 Bf7 23. f5 Ng5 24. g4 b5 25. Ba2 Rc8 26. Kh1 Na5 27. Qb6 Bxd5 28.
Bxd5+ Nf7 29. Qe3 Rh7 30. Rf2 Qc7 31. Rh2 Bh6 32. Qe2 Nc6 33. c3 Na5 34. Rg1
Nc4 35. Rh3 Nb6 36. Be6 Rb8 37. g5 fxg5 38. f6 a5 39. Rhg3 b4 40. Qg2 Re8 41.
Rxg5 Bxg5 42. Qxg5 Rg7 43. Ne7+ 1-0

[Event "40 R.G.Nezhmetdinov Memorial"]
[Site "Kazan"]
[Date "2018.09.21"]
[Round "9.52"]
[White "Rafikov, Danis"]
[Black "Khanukaev, Mark"]
[Result "1-0"]
[WhiteElo "1307"]
[BlackElo "1182"]
[PlyCount "129"]
[EventDate "2018.09.13"]

1. e4 e5 2. Nf3 Nc6 3. Bb5 a6 4. Ba4 Nf6 5. d3 Bc5 6. O-O b5 7. Bb3 d6 8. c3 h6
9. h3 O-O 10. Re1 Re8 11. Nbd2 Bb6 12. Nf1 Ne7 13. Be3 c5 14. Qe2 Ng6 15. Rad1
Qc7 16. Ng3 Bd7 17. Nh2 Rac8 18. Nh5 Nxh5 19. Qxh5 c4 20. dxc4 bxc4 21. Bc2 Rb8
22. Rb1 Qd8 23. Red1 Qf6 24. Qf3 Qxf3 25. Nxf3 Bxe3 26. fxe3 Rb6 27. b4 Reb8
28. a4 Kf8 29. a5 Rc6 30. Ba4 Rc7 31. Bxd7 Rxd7 32. Rd5 Ne7 33. Rd2 Rdd8 34.
Rbd1 f5 35. Rxd6 Rxd6 36. Rxd6 fxe4 37. Nxe5 Nf5 38. Nd7+ Ke7 39. Nxb8 Nxd6 40.
Nc6+ Ke6 41. Nd4+ Kd5 42. Kf2 g6 43. Kg3 Nc8 44. Kf4 Ne7 45. h4 Nc8 46. g3 Nd6
47. g4 Nf7 48. h5 g5+ 49. Kf5 Ne5 50. Ne2 Kd6 51. Nd4 Kd5 52. b5 axb5 53. a6
Nd7 54. a7 Nb6 55. Nxb5 Kc6 56. Nd4+ Kd5 57. Kg6 Ke5 58. Kxh6 Kf6 59. Nf5 Na8
60. Kh7 Kf7 61. Nd6+ Kf8 62. Kg6 Nc7 63. h6 Kg8 64. h7+ Kh8 65. Nf7# 1-0

[Event "40 R.G.Nezhmetdinov Memorial"]
[Site "Kazan"]
[Date "2018.09.21"]
[Round "9.53"]
[White "Nagaeva, Aliia"]
[Black "Guzhova, Amina"]
[Result "1/2-1/2"]
[WhiteElo "1605"]
[BlackElo "1554"]
[PlyCount "68"]
[EventDate "2018.09.13"]

1. Nf3 Nf6 2. g3 g6 3. Bg2 Bg7 4. O-O O-O 5. d3 d6 6. e4 e5 7. Nbd2 Nbd7 8. Ne1
Ne8 9. f4 f5 10. fxe5 Nxe5 11. exf5 Rxf5 12. Rxf5 gxf5 13. Ndf3 c6 14. d4 Nxf3+
15. Nxf3 Nf6 16. c3 d5 17. Bf4 Ne4 18. Ne5 Be6 19. Qb3 Qb6 20. Nd3 Re8 21. Re1
Bd7 22. Qxb6 axb6 23. Bc7 b5 24. Be5 Bf8 25. Nf4 Ra8 26. a3 Be7 27. Bh3 Rf8 28.
Nd3 Be6 29. Nf2 Bc8 30. Bf4 Re8 31. Nd1 Rf8 32. Ne3 Be6 33. Rf1 Nd2 34. Rf2 Ne4
1/2-1/2